Statistiques concernant Dubstep Quiz #2

Cliquez ici pour prendre le quiz!

Statistiques générales

  • Ce quiz a été pris 5 fois
  • Le résultat moyen est 14 sur 34

Statistiques - réponses

Titre (w/ (avec) collaborateur) Artiste % Correct
DragonbornNasko
100%
Digital DreamsTryple
67%
Sirens Over ParisFytch
67%
DecemberSex Whales
67%
TriplekillDeltabot
67%
Salam AlaykomSoltan
67%
Zombie ApocalypseFrik 'N Krazy
67%
KIKOPanda Eyes
67%
Until I DieOmar Varela
33%
Lost In Time (w/ Midranger)Misfit Massacre
33%
NoseBleedMineSweepa
33%
Master Of DisguiseMYKKA
33%
ConfidenceRebound
33%
Fate Of HumanityToo Vain
33%
Farther (w/ Sekai)Chime
33%
Danger ZoneZetta
33%
DevotionTristam
33%
Cut The Check (w/ Desembra)Spitfya
33%
ShutdownHypheX
33%
Natural Stars (w/ We Killed Hannah)Zikiel
33%
RAMRAMRAMDesembra
33%
Ego DeathDropDead
33%
GhoulsGuillotine
33%
SkorpeonNanoo
33%
Why Don't YouradasK
33%
Origins (w/ Nasko)Extra Terra
33%
AbsolutionPhyre
33%
War Of The WorldsRettchit
33%
Thirty Year WarStabby
33%
Appolinaris (w/ Zeneth)Our Enemies
33%
BipolarRay Volpe
33%
FOKI (w/ FishFace)Midranger
33%
Killem With The SoundHi I'm Ghost
33%
Void Sector TauExclusion
33%

Distribution des résultats

Percentile by Number Answered

% des personnes avec chaque résultat

Votre développement - résultats

Vous n’avez pas pris ce quiz